The History of Scottish literature /

Bibliographic Details
Other Authors: Craig, Cairns
Format: Book
Language:English
Published: Aberdeen, [Grampian] : Aberdeen University Press, -1987.
Subjects:

MARC

Tag First Indicator Second Indicator Subfields
LEADER 00000cam a2200000 a 4500
001 in00000013908
005 20151007052447.0
008 880212m1987 stk b 00110 eng d
020 |a 0080350550 (v. 2) 
020 |a 0080350577 (v. 4) 
035 |a (OCoLC)17470422 
035 |9 AAA7880AM 
040 |a AAA  |c AAA  |d TXA  |d UtOrBLW 
049 |a TXAM  |v 1 [A11676015]  |v 2 [A11519247]  |v 3 [A12435412]  |v 4 [A11042410] 
050 4 |a PR8511  |b .H57 1987 
245 0 4 |a The History of Scottish literature /  |c general editor Cairns Craig. 
264 1 |a Aberdeen, [Grampian] :  |b Aberdeen University Press,  |c -1987. 
300 |a 4 volumes ;  |c 24 cm. 
336 |a text  |b txt  |2 rdacontent 
337 |a unmediated  |b n  |2 rdamedia 
338 |a volume  |b nc  |2 rdacarrier 
504 |a Includes bibliographies and indexes. 
505 0 |a v. 1. Medieval and renaissance / editor R.D.S. Jack -- v. 2. 1660 to 1800 / editor Andrew Hook -- v. 3. Nineteenth century / editor Douglas Gifford -- v. 4. Twentieth century / editor Cairns Craig. 
650 0 |a Scottish literature  |x History and criticism. 
700 1 |a Craig, Cairns. 
999 |a MARS 
999 f f |s 7ebb371e-9384-3612-951f-4287e1211bbd  |i eeeeb519-bb54-3777-8434-8d0f0219ad28  |t 0 
952 f f |p normal  |a Texas A&M University  |b College Station  |c Sterling C. Evans Library  |d Evans: Library Stacks  |t 0  |e PR8511 .H57 1987  |h Library of Congress classification  |i unmediated -- volume  |k v.3  |m A14812435412 
952 f f |p normal  |a Texas A&M University  |b College Station  |c Sterling C. Evans Library  |d Evans: Library Stacks  |t 0  |e PR8511 .H57 1987  |h Library of Congress classification  |i unmediated -- volume  |k v.1  |m A14811676015 
952 f f |p normal  |a Texas A&M University  |b College Station  |c Sterling C. Evans Library  |d Evans: Library Stacks  |t 0  |e PR8511 .H57 1987  |h Library of Congress classification  |i unmediated -- volume  |k v.2  |m A14811519247 
952 f f |p normal  |a Texas A&M University  |b College Station  |c Sterling C. Evans Library  |d Evans: Library Stacks  |t 0  |e PR8511 .H57 1987  |h Library of Congress classification  |i unmediated -- volume  |k v.4  |m A14811042410 
998 f f |a PR8511 .H57 1987  |s v.1-v.4  |t 0  |l Evans: Library Stacks